00298nam a2200121Ia 4500008004100000041000800041082001600049100000900065245003300074260003300107300001900140999001700159241028s9999 xx 000 0 und d aeng a658.301 WES aWest aPeople Analytics For Dummies bWiley IndiaaNew Delhic2019 a439;. P. 23 cm c43021d43021